[Event "Solingen Karneval op"]
[Site "Solingen"]
[Date "2017.02.25"]
[Round "2"]
[White "Mukovskiy, Peter"]
[Black "Tayyar, Alptug"]
[Result "0-1"]
[WhiteElo "1163"]
[BlackElo "2002"]
[PlyCount "52"]
[EventDate "2017.02.24"]
[EventType "swiss"]
[EventRounds "5"]
[EventCountry "GER"]
[SourceTitle "EXT 2018"]
[Source "ChessBase"]
[SourceDate "2017.10.13"]
[SourceVersion "1"]
[SourceVersionDate "2017.10.13"]
[SourceQuality "1"]

1. d4 d5 2. c4 c6 3. Nc3 Nf6 4. Nf3 dxc4 5. e4 b5 6. Be2 Bg4 7. 0-0 b4 8. e5 bxc3 9. exf6 cxb2 10. fxg7 Bxg7 11. Bxb2 0-0 12. Qd2 Nd7 13. Qg5 Be6 14. Qg3 f6 15. Nd2 Rb8 16. Nxc4 Kh8 17. Bc3 Rg8 18. Bd3 Nf8 19. Rfe1 Bd5 20. Qe3 Bxg2 21. f3 Qd5 22. Nd2 Qh5 23. Qf4 Bh6 24. Qxb8 Bxf3+ 25. Kf1 Qh3+ 26. Kf2 Qg2# 0-1

[Event "Solingen Karneval op"]
[Site "Solingen"]
[Date "2017.02.25"]
[Round "3"]
[White "Tayyar, Alptug"]
[Black "Speck, Stefan"]
[Result "0-1"]
[WhiteElo "2002"]
[BlackElo "1989"]
[PlyCount "96"]
[EventDate "2017.02.24"]
[EventType "swiss"]
[EventRounds "5"]
[EventCountry "GER"]
[SourceTitle "EXT 2018"]
[Source "ChessBase"]
[SourceDate "2017.10.13"]
[SourceVersion "1"]
[SourceVersionDate "2017.10.13"]
[SourceQuality "1"]

1. e4 c5 2. Nf3 e6 3. d4 cxd4 4. Nxd4 Nc6 5. Nc3 Qc7 6. Be3 a6 7. Bd3 Nf6 8. 0-0 b5 9. Qe2 Bb7 10. Kh1 h5 11. f4 Ng4 12. Bg1 Nxd4 13. Bxd4 Bc5 14. Bxc5 Qxc5 15. Rae1 Qe7 16. h3 Qh4 17. Qf3 f5 18. Kg1 Rc8 19. Ne2 Nf6 20. Ng3 0-0 21. c3 g5 22. fxg5 Qxg5 23. Qf4 Qxf4 24. Rxf4 fxe4 25. Bxe4 Nxe4 26. Rxf8+ Kxf8 27. Nxe4 Bxe4 28. Rxe4 Rc4 29. Rxc4 bxc4 30. Kf2 Ke7 31. Ke3 e5 32. b3 cxb3 33. axb3 d5 34. Kd3 h4 35. Ke3 Kd6 36. Kf3 e4+ 37. Kf4 Kc5 38. g4 hxg3 39. Kxg3 a5 40. h4 Kd6 41. Kf4 Ke6 42. h5 Kf6 43. c4 dxc4 44. bxc4 a4 45. c5 a3 46. h6 a2 47. h7 Kg7 48. c6 a1Q 0-1

[Event "Dortmund Sparkassen op-A 44th"]
[Site "Dortmund"]
[Date "2016.07.16"]
[Round "8"]
[White "Tayyar, Alptug"]
[Black "Wastian, Jan"]
[Result "1/2-1/2"]
[WhiteElo "2037"]
[BlackElo "1877"]
[PlyCount "52"]
[EventDate "2016.07.09"]
[EventType "swiss"]
[EventRounds "9"]
[EventCountry "GER"]
[SourceTitle "CBM 173 Extra"]
[Source "ChessBase"]
[SourceDate "2016.08.29"]
[SourceVersion "1"]
[SourceVersionDate "2016.08.29"]
[SourceQuality "1"]

1. e4 c6 2. d4 d5 3. Nd2 dxe4 4. Nxe4 Nd7 5. Ng5 Ngf6 6. Bd3 e6 7. N1f3 Bd6 8. Qe2 h6 9. Ne4 Nxe4 10. Qxe4 Qc7 11. Bd2 b6 12. 0-0-0 Bb7 13. Qg4 Kf8 14. Rhe1 Nf6 15. Qh3 c5 16. dxc5 bxc5 17. Qh4 Nd5 18. Ng5 Nf4 19. Bc4 Re8 20. Bc3 Ng6 21. Qh5 hxg5 22. Qg4 Rh4 23. Qe2 Nf4 24. Qd2 Nd5 25. Bxg7+ Kg8 26. g3 Rh5 1/2-1/2

[Event "Dortmund Sparkassen op-A 44th"]
[Site "Dortmund"]
[Date "2016.07.09"]
[Round "1"]
[White "Sorokin, Aleksey"]
[Black "Tayyar, Alptug"]
[Result "1-0"]
[WhiteElo "2413"]
[BlackElo "2037"]
[PlyCount "51"]
[EventDate "2016.07.09"]
[EventType "swiss"]
[EventRounds "9"]
[EventCountry "GER"]
[SourceTitle "CBM 173 Extra"]
[Source "ChessBase"]
[SourceDate "2016.08.29"]
[SourceVersion "1"]
[SourceVersionDate "2016.08.29"]
[SourceQuality "1"]

1. d4 d5 2. c4 c6 3. Nf3 Nf6 4. Nc3 dxc4 5. a4 Bf5 6. Nh4 e6 7. Nxf5 exf5 8. e3 Bb4 9. Bxc4 0-0 10. 0-0 Nbd7 11. Qc2 g6 12. Bd2 Rc8 13. Rad1 Qa5 14. f3 c5 15. d5 Ne5 16. b3 Nfd7 17. d6 Nb6 18. Nd5 Nexc4 19. Bxb4 cxb4 20. Ne7+ Kh8 21. Nxc8 Nxe3 22. Qb2+ f6 23. d7 Nxd1 24. d8Q Rxd8 25. Qxf6+ Kg8 26. Ne7# 1-0

[Event "Dortmund Sparkassen op-A"]
[Site "Dortmund"]
[Date "2015.07.01"]
[Round "5"]
[White "Tayyar, Alptug"]
[Black "Zolfagharian, Kevin"]
[Result "0-1"]
[WhiteElo "2096"]
[BlackElo "2189"]
[PlyCount "58"]
[EventDate "2015.06.27"]
[EventType "swiss"]
[EventRounds "9"]
[EventCountry "GER"]
[SourceTitle "CBM 167 Extra"]
[Source "ChessBase"]
[SourceDate "2015.09.14"]
[SourceVersion "1"]
[SourceVersionDate "2015.09.14"]
[SourceQuality "1"]

1. e4 c5 2. Nf3 Nc6 3. d4 cxd4 4. Nxd4 Nf6 5. Nc3 d6 6. Bg5 e6 7. Qd2 Be7 8. 0-0-0 0-0 9. f4 Nxd4 10. Qxd4 Qa5 11. Bc4 Rd8 12. Qe3 Ng4 13. Qg3 Bxg5 14. Qxg4 Bh6 15. Kb1 b5 16. Bb3 b4 17. Ne2 Qc7 18. f5 e5 19. Qh5 Ba6 20. f6 Bc4 21. fxg7 Bxb3 22. cxb3 Rac8 23. Ng3 Qc2+ 24. Ka1 Bc1 25. Qxf7+ Kxf7 26. Rhf1+ Kg8 27. Rf8+ Rxf8 28. gxf8Q+ Rxf8 29. Rxc1 Qxc1# 0-1

[Event "Dortmund Sparkassen op-A"]
[Site "Dortmund"]
[Date "2015.06.30"]
[Round "4"]
[White "Hartung, Thomas"]
[Black "Tayyar, Alptug"]
[Result "0-1"]
[WhiteElo "2012"]
[BlackElo "2096"]
[PlyCount "80"]
[EventDate "2015.06.27"]
[EventType "swiss"]
[EventRounds "9"]
[EventCountry "GER"]
[SourceTitle "CBM 167 Extra"]
[Source "ChessBase"]
[SourceDate "2015.09.14"]
[SourceVersion "1"]
[SourceVersionDate "2015.09.14"]
[SourceQuality "1"]

1. e4 c5 2. Nf3 d6 3. d4 cxd4 4. Nxd4 Nf6 5. Nc3 a6 6. Bg5 e6 7. f4 Be7 8. Qf3 Qc7 9. 0-0-0 Nbd7 10. g4 b5 11. Bxf6 Nxf6 12. g5 Nd7 13. f5 Bxg5+ 14. Kb1 Nc5 15. Bxb5+ axb5 16. Ndxb5 Qe7 17. Nxd6+ Kf8 18. Nxc8 Rxc8 19. fxe6 Qxe6 20. Rhf1 g6 21. e5 Rd8 22. Rd6 Rxd6 23. exd6 Kg7 24. h4 Bxh4 25. Qf4 Bf6 26. Nd5 Nd7 27. Nxf6 Nxf6 28. c4 Rc8 29. a3 h5 30. Rd1 Qe4+ 31. Qxe4 Nxe4 32. Rd4 f5 33. b4 Rd8 34. c5 Kf7 35. d7 Ke7 36. c6 Nc3+ 37. Kc2 Nb5 38. Rd2 Na7 39. a4 Nxc6 40. b5 Na5 0-1

[Event "Dortmund Sparkassen op-A"]
[Site "Dortmund"]
[Date "2015.06.29"]
[Round "3"]
[White "Tayyar, Alptug"]
[Black "Schuelke, Tilman"]
[Result "1-0"]
[WhiteElo "2096"]
[BlackElo "1975"]
[PlyCount "85"]
[EventDate "2015.06.27"]
[EventType "swiss"]
[EventRounds "9"]
[EventCountry "GER"]
[SourceTitle "CBM 167 Extra"]
[Source "ChessBase"]
[SourceDate "2015.09.14"]
[SourceVersion "1"]
[SourceVersionDate "2015.09.14"]
[SourceQuality "1"]

1. e4 g6 2. d4 d6 3. Nc3 Bg7 4. Be3 Nf6 5. f3 c6 6. Qd2 b5 7. g4 a6 8. h4 Nbd7 9. h5 Rf8 10. 0-0-0 Qc7 11. Nge2 Bb7 12. Ng3 0-0-0 13. g5 Ne8 14. f4 Qa5 15. Kb1 Kb8 16. Bg2 Nb6 17. Bf1 b4 18. Nce2 Nc4 19. Qd3 Nxe3 20. Qxe3 Rc8 21. f5 c5 22. hxg6 hxg6 23. Rh7 cxd4 24. Qd3 Qe5 25. Qxd4 Qxd4 26. Nxd4 Rh8 27. Rxh8 Bxh8 28. fxg6 fxg6 29. Nf3 Rc5 30. Bd3 Ka7 31. Ne2 Bc8 32. Rg1 Be6 33. Nf4 Bf7 34. Nh4 Bd4 35. Rg2 Ng7 36. Nfxg6 Ne6 37. Nxe7 Nxg5 38. Nef5 Bf6 39. Nxd6 Be6 40. Nhf5 Kb6 41. Rh2 Be5 42. Rh6 Rc7 43. Nc4+ 1-0

[Event "Dortmund Sparkassen op-A"]
[Site "Dortmund"]
[Date "2015.06.27"]
[Round "1"]
[White "Tayyar, Alptug"]
[Black "Pap, Misa"]
[Result "0-1"]
[WhiteElo "2096"]
[BlackElo "2491"]
[PlyCount "58"]
[EventDate "2015.06.27"]
[EventType "swiss"]
[EventRounds "9"]
[EventCountry "GER"]
[SourceTitle "CBM 167 Extra"]
[Source "ChessBase"]
[SourceDate "2015.09.14"]
[SourceVersion "1"]
[SourceVersionDate "2015.09.14"]
[SourceQuality "1"]

1. e4 e5 2. Nf3 Nc6 3. Bb5 a6 4. Ba4 Nf6 5. 0-0 Bc5 6. Re1 b5 7. Bb3 d6 8. c3 0-0 9. d3 Re8 10. Nbd2 Bb6 11. Nf1 Na5 12. Bc2 c5 13. Ng3 h6 14. h3 Nc6 15. a4 Be6 16. Nh4 d5 17. Qf3 b4 18. Ngf5 Kh7 19. Qg3 Rg8 20. exd5 Bxd5 21. Ne3 Be6 22. Qf3 Nd5 23. Nhf5 bxc3 24. bxc3 Ba5 25. Bd2 Nd4 26. cxd4 Bxd2 27. Re2 Bc3 28. Rc1 cxd4 29. Nc4 Qg5 0-1